000 00604nam a22002297a 4500
003 UA-OsUOA
001 95415
007 ta
008 20130227b un ||||| |||| 00| 0 ukr d
100 _aЭзера Р.
090 _a821.174
_bЭ29
942 _cBK
040 _aUA-OsUOA
_brus
_cUA-OsUOA
_dUA-OsUOA
245 _aНевидимый огонь
_bроман, повесть
300 _a608 с.
955 _a3
041 _arus
080 _a821.174
260 _aМ.
_bИзвестия
_c1991
650 7 _a82 Література. Літературознавство
_2UDC
999 _c381665
_d381665